|
|
|
|
| LEADER |
00000cam a2200000 7i4500 |
| 001 |
0000064188 |
| 005 |
20220105104222.0 |
| 008 |
160626 |
| 020 |
|
|
|a 9679913511
|
| 020 |
|
|
|a 9789679913484
|
| 090 |
0 |
0 |
|a PR
|b MAL
|
| 245 |
0 |
0 |
|a Sifat jujur
|c Penyusun Zaharil
|
| 260 |
|
|
|a Kuala Lumpur :
|b Penerbitan Kembang Maju Sdn Bhd ,
|c 1999
|
| 300 |
|
|
|a 15pg. :
|b Col.ill
|
| 490 |
1 |
|
|a Cerita pengajaran moral
|
| 500 |
|
|
|a Children age 4-6 years old (yellow)
|
| 650 |
|
0 |
|a Malay fiction
|
| 999 |
|
|
|a 0000766682
|b Book
|c Children Collection
|e Cawangan Bandar Penawar
|
| 999 |
|
|
|a 0000766685
|b Book
|c Children Collection
|e Cawangan Bandar Penawar
|
| 999 |
|
|
|a 0000773321
|b Book
|c Children Collection
|e Cawangan Pontian
|
| 999 |
|
|
|a 0000786596
|b Book
|c Children Collection
|e Cawangan Segamat
|
| 999 |
|
|
|a 0000786598
|b Book
|c Children Collection
|e Cawangan Segamat
|